| 000 | 00864nam a2200205Ia 4500 | ||
|---|---|---|---|
| 003 | OSt | ||
| 005 | 20241217114716.0 | ||
| 008 | 210210b2004 xxu||||| |||| 00| 0 eng d | ||
| 040 | _cAL | ||
| 041 | _aKonkani/Kannada | ||
| 082 | _a891.468 KARD | ||
| 100 |
_aKARNATAKA KONKANI SAHITYA AKADAMI. _dಕರ್ನಾಟಕ ಕೊಂಕಣಿ ಸಾಹಿತ್ಯ ಅಕಾಡೆಮಿ _9191370 |
||
| 245 |
_aDashaman utsavache pustak: 2 Konknintlyo matvyo katha. _bದಶಮಾನ್ ಉತ್ಸವಾಚೆ ಪುಸ್ತಕ್ : ೨ ಕೊಂಕ್ಣಿಂತ್ಲ್ಯೊ ಮಟ್ವ್ಯೊ ಕಥಾ |
||
| 260 |
_aManglur. _bKarnataka Konkani Sahitya Akademy. _c2004 |
||
| 300 | _a21 | ||
| 690 |
_aKonkani Miscellaneous _9191371 |
||
| 700 |
_aDolphy F Lobo _d ಡೊಲ್ಫಿ ಕಾಸ್ಸಿಯಾ _9191372 |
||
| 906 | _a058942 | ||
| 942 |
_2ddc _cBK |
||
| 999 |
_c106209 _d106209 |
||